Er... excuse me!

Bibliographic Details
Main Author: Nass Alina Noah
Format: Book
Published: Kuala Lumpur : Creative Enterprise , 2006
Subjects:

MARC

LEADER 00000cam a2200000 7i4500
001 0000011614
005 20071115.0
008 071115
020 |a 9838936812 
090 0 0 |a NAS   |b MAL 
100 0 |a Nass Alina Noah 
245 1 0 |a Er... excuse me!   |c Nass Alina Noah 
260 |a Kuala Lumpur :   |b Creative Enterprise ,   |c 2006 
650 0 |a Malay fiction 
650 0 |a Novel 
999 |a 0000940345   |b Book   |c Adult Collection   |e Cawangan Taman Sri Lambak 
999 |a 0000940346   |b Book   |c Adult Collection   |e Cawangan Taman Sri Lambak 
999 |a 0000940347   |b Book   |c Adult Collection   |e Cawangan Taman Sri Lambak 
999 |a 0001001167   |b Book   |c Adult Collection   |e Perbadanan Perpustakaan Awam Johor 
999 |a 0001001168   |b Book   |c Adult Collection   |e Perbadanan Perpustakaan Awam Johor 
999 |a 0001001169   |b Book   |c Adult Collection   |e Perbadanan Perpustakaan Awam Johor 
999 |a 0001001170   |b Book   |c Adult Collection   |e Cawangan Urban Transformation Centre